Tous les départements français - Statistiques

Statistiques générales
  • Ce quiz a été pris 114 fois
  • Le résultat moyen est 73 sur 109
Statistiques - réponses
Hint Réponse % Correct
1 Ain
95%
2 Aisne
90%
75 Seine
86%
3 Allier
84%
971 Guadeloupe
83%
42 Loire
83%
6 Alpes-Maritimes
81%
972 Martinique
81%
59 Nord
81%
2a Corse-du-Sud
80%
2b Haute-Corse
80%
60 Oise
80%
67 Bas-Rhin
79%
83 Var
79%
13 Bouches-du-Rhône
78%
29 Finistère
78%
68 Haut-Rhin
78%
69 Rhône
78%
77 Seine-et-Marne
78%
78 Yvelines
78%
7 Ardèche
77%
33 Gironde
77%
5 Hautes-Alpes
77%
45 Loiret
77%
9 Ariège
76%
11 Aude
76%
14 Calvados
76%
74 Haute-Savoie
76%
38 Isère
76%
4 Alpes de Haute-Provence
74%
10 Aube
74%
34 Hérault
74%
51 Marne
74%
73 Savoie
74%
84 Vaucluse
74%
8 Ardennes
73%
976 Mayotte
73%
62 Pas-de-Calais
73%
93 Seine-Saint-Denis
73%
973 Guyane
72%
16 Charente
71%
23 Creuse
71%
25 Doubs
71%
27 Eure
71%
30 Gard
71%
66 Pyrénées-Orientales
71%
12 Aveyron
70%
15 Cantal
70%
21 Côte-d'Or
70%
39 Jura
70%
46 Lot
70%
17 Charente-Maritime
69%
18 Cher
69%
24 Dordogne
69%
28 Eure-et-Loir
69%
36 Indre
69%
37 Indre-et-Loir
69%
44 Loire-Atlantique
69%
47 Lot-et-Garonne
69%
54 Meurthe-et-Moselle
69%
57 Moselle
69%
31 Haute-Garonne
67%
76 Seine-Maritime
67%
64 Pyrénées-Atlantiques
66%
19 Corrèze
65%
26 Drôme
65%
32 Gers
65%
81 Tarn
65%
35 Îlle-et-Vilaine
64%
48 Lozère
64%
95 Val-d'Oise
64%
65 Hautes-Pyrénées
63%
974 La Réunion
63%
41 Loir-et-Cher
63%
80 Somme
63%
82 Tarn-et-Garonne
63%
90 Territoire-de-Belfort
63%
85 Vendée
63%
52 Haute-Marne
62%
40 Landes
62%
50 Manche
62%
53 Mayenne
62%
55 Meuse
62%
94 Val-de-Marne
62%
22 Côtes d'Armor
60%
43 Haute-Loire
60%
49 Maine-et-Loire
60%
61 Orne
60%
63 Puy-de-Dôme
59%
71 Saône-et-Loire
59%
72 Sarthe
59%
86 Vienne
59%
88 Vosges
58%
79 Deux-Sèvres
57%
91 Essonne
57%
70 Haute-Saône
57%
92 Hauts-de-Seine
57%
89 Yonne
57%
58 Nièvre
56%
87 Haute-Vienne
55%
975 Saint-Pierre-et-Miquelon
52%
56 Morbihan
51%
988 Nouvelle-Calédonie
45%
986 Wallis-et-Futuna
40%
987 Polynésie française
35%
978 Saint-Martin
28%
977 Saint-Barthélémy
24%
984 Terres australes et antarctiques française
6%
989 Île de Clipperton
5%
Aucun quiz correspondant
Distribution des résultats
% des personnes avec chaque résultat
Percentile par nombre de réponses
Votre historique - résultats
Vous n’avez pas pris ce quiz